00575nam a2200145Ia 4500008004100000024005600041082001900097100007600116245002600192260002500218600002100243650003800264952011000302999001700412250506s9999 xx 000 0 und d a15B-013-BS, 15B-054-BS, 15B-032-BS & 15B-039-BS a005.191072 FAR aM. Farrukh Sheikh, Bilawal Shaikh, Hafiz Yasir Iqbal & Hamza Bilal Gaya 0aSocial Welfare System aKarachi:bUIT,c2015 aComputer Science aBachelor of Computer Science (BS) 001040708PR-CSaUITUbUITUd2022-07-26l0o005.191072 FARpBS-509r2025-05-06 11:34:33w2025-05-06yPR c28659d28659